| 000 | 00411nam a2200157Ia 4500 | ||
|---|---|---|---|
| 008 | 250916s9999 xx 000 0 und d | ||
| 020 | _a978-981-19-2870-3 | ||
| 082 | _a004.65 BOR | ||
| 100 | _aBorah, Malaya Dutta | ||
| 245 | 0 | _aAI and blockchain technology in 6G wireless network | |
| 250 | _a1st | ||
| 260 |
_aNew York: _bSpringer, _c2022 |
||
| 300 | _a259 p. | ||
| 600 | _aComputer Science | ||
| 942 | _cBK | ||
| 999 |
_c31590 _d31590 |
||